00652nam a2200181Ia 4500001000900000003000500009005001700014008004100031010001100072040001800083100004600101110004600147245009400193260005700287500000800344650005100352700006700403dia_3221CHAP20251029160955.0220117s1984 xx 000 0 und d a173720 cCHAPamxchpua aSistema Nacional para el Abasto. México aMÉXICO. SISTEMA NACIONAL PARA EL ABASTO aDiagnóstico para la instalación de centros de acopio; Querétaro frutas y hortalizas aMéxico :b Sistema Nacional para el Abasto,c1984 aS/c aFrutas y hortalizasxQuerétaroxProducción aSecretaría de Agricultura y Recursos Hidraúlicos. México